E.R. - Name the episode #17 - Statistics

General Stats
  • This quiz has been taken 2 times
  • The average score is 11 of 22
Answer Stats
Hint Answer % Correct
Broke up with Sam in Colorado Canon City
100%
Married Abby I Don't
100%
Came into our lives Leave it to Weaver
100%
Sword-fenced with Carter Secrets and Lies
100%
Exited our lives The Book of Abby
100%
Prayed with a bishop The Crossing
100%
Almost died in a shooting 21 Guns
50%
Faced Curtis Ames in the court Ames vs Kovac
50%
Became a father Bloodline
50%
Almost killed a med student (in reverse) Hindsight
50%
Resigned from County Lights Out
50%
Faced him again in an unfinished house Murmurs of the Heart
50%
Left Chicago for Croatia The Chicago Way
50%
Bought a used car for Carol The Fastest Year
50%
Got lost in the Congo The Lost
50%
Murdered a guy in the streets Benton Backwards
0%
Regretted it while doing couple's therapy with Sam Carter est amoureux
0%
Kissed Sam for the first time Get Carter
0%
Did psycho-analysis with a prostitute The Advocate
0%
Shared a bench with Lucy The Domino Heart
0%
Got back together with Abby The Human Shield
0%
Traded Abby for a french waitress The Longer You Stay
0%
No matching quizzes found
Score Distribution
Percent of People with Each Score
Percentile by Number Answered
Your Score History
You have not taken this quiz